000 00548nam a2200181Ia 4500
003 GCL
008 140319s9999 xx 000 0 ara d
040 _aGCL /
_cGCL
082 0 4 _a398
_bر س
100 1 _aنازك سابا يارد
245 1 0 _aالسياسة والحيلة عند العرب : رقائق الحلل فى دقائق الحيل /
_cنازك سابا يارد
700 1 _aرنية خوام
300 _a232 ص
490 _a
650 0 4 _aالادب الشعبى
650 0 4 _aالتراث الشعبى
942 _2ddc
_cBK
999 _c45415
_d45415